000 00858cab a2200265 4500
001 ABS46022
008 090401t1992 xxu||||| |||| 00| 0 eng d
035 _a(Sirsi) u56403
041 _aeng
100 _aWightman, A.
245 _aCompletion of a building - Scottish practice
260 _c1992
350 _a0
490 _aBuilding Research and Information
_v20(1) 1992, 57-59(3)
520 _aOutlines the procedure necessary under Scottish law before a building can be handed over for occupation. Stresses the importance of a checklist before occupation finally takes place.
650 _aBUILDING HANDOVER
650 _aCERTIFICATE OF PRACTICAL COMPLETION
650 _aDELIVERY
650 _aPRACTICAL COMPLETION
650 _aSCOTLAND
650 _aSCOTS LAW
690 _aBUILT ENVIRONMENT
942 _n0
948 _c04/03/1997
999 _c34394
_d34394